| 000 | 00463nam a2200157Ia 4500 | ||
|---|---|---|---|
| 020 | _a(hb) | ||
| 082 |
_a297.77 _bBAS _cL-30ii,P-100 |
||
| 100 |
_aBashumail, Muhammad Ahmad _937503 |
||
| 245 |
_aThe Great battle of Badr _cBashumail, Muhammad Ahmad |
||
| 260 |
_aLahore : _bIslamic Publications Limited , _c1970 |
||
| 300 | _a215p | ||
| 526 |
_a0 _b0 _c0 _d297_770000000000000_BAS |
||
| 650 |
_aBadr, Battle of- 624 _937504 |
||
| 650 |
_aMCE _9379 |
||
| 942 |
_2ddc _cBK |
||
| 999 |
_c542371 _d542371 |
||